| 000 | 00682nam a2200193 i 4500 | ||
|---|---|---|---|
| 001 | 83978 | ||
| 003 | ES-MaACL | ||
| 005 | 20230906174926.0 | ||
| 007 | t| | ||
| 008 | 041119s1954 sp ||||1| spa d | ||
| 100 | 1 |
_aJaschke, Rudolph Th. von. _966148 |
|
| 245 | 1 | 0 |
_aTratado de Obstetricia / _cpor Rudolph Th. von Jaschke ; traducción de la cuarta edición alemana por Emilio Ardevol ; completada por José Mª Plá Janini. |
| 250 | _a2ª ed. | ||
| 260 |
_aBarcelona : _bLabor, _c1954 ( _fIbero-Americanos) |
||
| 300 |
_aXV, 837 p. : _bil. ; _c27 cm. |
||
| 700 | 1 |
_aArdevol, Emilio. _922537 |
|
| 700 | 1 |
_aPla Janini, José María. _992495 |
|
| 852 |
_aES-MaACL _jC-15358 _bR.43326 |
||
| 999 |
_c83978 _d83978 |
||